Alban Berg: el maestro de la transición ínfima
Uloženo v:
| Hlavní autor: | |
|---|---|
| Médium: | Kniha |
| Jazyk: | španělština |
| Vydáno: |
Madrid
Alianza
1990
|
| Edice: | Alianza música, 51
|
| Témata: | |
| Tagy: |
Přidat tag
Žádné tagy, Buďte první, kdo vytvoří štítek k tomuto záznamu!
|
MARC
| LEADER | 00000nam a2200000 a 4500 | ||
|---|---|---|---|
| 001 | UCY0053 | ||
| 003 | CL-VaPUC | ||
| 008 | 940708e19900000SP |||||||||||||||||spa|d | ||
| 082 | 0 | 4 | |a 780.92 |b ADO |2 21 |
| 100 | 0 | |a Adorno, Theodor Wiesengrund |e author |9 325578 | |
| 245 | 1 | 0 | |a Alban Berg: el maestro de la transición ínfima |
| 300 | |a 142 p | ||
| 942 | |c BK | ||
| 945 | |d 19940708 00:00:00 |a oaravena | ||
| 260 | |a Madrid |b Alianza |c 1990 | ||
| 600 | 0 | 7 | |a BERG, ALBAN |2 CL-VaPUC |9 306662 |
| 650 | 7 | |a MUSICOS BIOGRAFIAS |2 CL-VaPUC |9 306390 | |
| 650 | 0 | |a Crítica e interpretación |9 255042 | |
| 651 | 7 | |a AUSTRIA |2 CL-VaPUC |9 266851 | |
| 583 | |a last modification |c 19940708 00:00:00 |k Rodrigo Vera | ||
| 490 | 0 | |a Alianza música, 51 | |
| 999 | |c 229143 |d 229141 | ||
| 952 | |0 0 |1 0 |4 0 |6 780_920000000000000_ADO_1990 |7 0 |8 A |9 229767 |a BIBEDU |b BIBEDU |d 2019-11-15 |i 2990938 |o 780.92 ADO 1990 |p 2990938 |r 2023-01-12 |w 2019-11-15 |y BK |k MUS | ||